<?xml version="1.0" encoding="UTF-8"?>
<marc:record xmlns:marc="http://www.loc.gov/MARC21/slim">
   <marc:leader>00000nam a2200000 a 4500</marc:leader>
   <marc:datafield ind1="1" ind2=" " tag="100">
      <marc:subfield code="a">Landy, Derek</marc:subfield>
      <marc:subfield code="4">aut</marc:subfield>
      <marc:subfield code="e">Verfasser/-in</marc:subfield>
   </marc:datafield>
   <marc:datafield ind1="0" ind2="0" tag="245">
      <marc:subfield code="a">Mitternacht</marc:subfield>
   </marc:datafield>
   <marc:datafield ind1=" " ind2="1" tag="264">
      <marc:subfield code="b">Loewe</marc:subfield>
      <marc:subfield code="c">2018</marc:subfield>
   </marc:datafield>
   <marc:datafield ind1="1" ind2=" " tag="490">
      <marc:subfield code="a">Skulduggery Pleasant</marc:subfield>
   </marc:datafield>
   <marc:datafield ind1="1" ind2=" " tag="520">
      <marc:subfield code="a">Walküre hätte wirklich einen geeigneteren Baysitter finden können als ausgerechnet Omen Darkly. Nur für ein paar Stunden sollte Omen auf Walküres kleine Schwester aufpassen. Er sollte niemanden hereinlassen und möglichst nicht ans Telefon gehen. Aber als Walküre und Skulduggery nach Hause kommen, ist Alison verschwunden. Cadaverus Gant, Walküres alter Feind, hat sie entführt und exakt um 12 Uhr in der Nacht will er sie umbringen. Klar, dass Walküre alles versuchen wird, um Alison zu finden. Aber sie hat nur neun Stunden Zeit. Neun Stunden bis Mitternacht! (Verlagstext)</marc:subfield>
   </marc:datafield>
   <marc:datafield ind1=" " ind2=" " tag="020">
      <marc:subfield code="a">9783785589823</marc:subfield>
      <marc:subfield code="9">9783785589823</marc:subfield>
   </marc:datafield>
</marc:record>
